| 000 | 02428cam a2200349 4500500 | ||
|---|---|---|---|
| 005 | 20260111114533.0 | ||
| 041 | _afre | ||
| 042 | _adc | ||
| 100 | 1 | 0 |
_aDupont, Sébastien _eauthor |
| 245 | 0 | 0 | _aShared Physical Custody Benefits, Limitations, and Challenges for Separated Families |
| 260 | _c2026. | ||
| 500 | _a97 | ||
| 520 | _aInternational research on shared physical custody comes from multiple disciplines (psychology, social sciences, family law, economics, social policies, etc.) and approaches this practice from complementary angles (the well-being of children and parents, the legal procedure, the relationship to social norms, economic security, maintaining long-term bonds, sharing social benefits, etc.). This article offers a synthesis of the existing literature, which is required for a global vision of the advantages and limits of this custody arrangement, and for the identification of the public policy issues surrounding it. | ||
| 520 | _aLes recherches internationales sur la résidence alternée relèvent de disciplines multiples (psychologie, sciences sociales, droit de la famille, économie, politiques sociales, etc.) et abordent cette pratique sous des angles complémentaires (le bien-être des enfants et des parents, la procédure judiciaire, le maintien des liens sur le long terme, le rapport aux normes sociales, la sécurité économique, le partage des prestations sociales, etc.). Cet article propose un panorama synthétique de ces études, nécessaire à une vision globale des atouts et des limites de ce mode de résidence et à l’identification des enjeux de politique publique qui l’entourent. | ||
| 690 | _afacteur de protection | ||
| 690 | _aMOTS-CLÉSrésidence alternée | ||
| 690 | _apolitiques publiques | ||
| 690 | _aprotection sociale | ||
| 690 | _aréforme législative | ||
| 690 | _arésidence alternée | ||
| 690 | _asanté mentale | ||
| 690 | _asanté physique | ||
| 690 | _alegislative reform | ||
| 690 | _amental health | ||
| 690 | _aphysical health | ||
| 690 | _aprotective factor | ||
| 690 | _apublic policies | ||
| 690 | _ashared physical custody | ||
| 690 | _asocial welfare system | ||
| 786 | 0 | _nRevue des politiques sociales et familiales | 155 | 3 | 2026-01-06 | p. 233-241 | 2431-4501 | |
| 856 | 4 | 1 | _uhttps://shs.cairn.info/revue-revue-des-politiques-sociales-et-familiales-2025-3-page-233?lang=en&redirect-ssocas=7080 |
| 999 |
_c1633365 _d1633365 |
||